zpět

Detail výsledku týmu

The Pub Praha 2 ČT, Praha

Datum a čas kvízu

23.5 Celkem bodů Celkový počet nahraných bodů na tomto kvízu bez doplňovacích otázek.
8. Pořadí na kvízu Konečné umístění týmu na tomto kvízu.

Zaznamenané odpovědi

# Otázka Odpověď Body Výsledky
1. Poslanec Andrej Babiš poněkud... tlumočníka do češtiny 0
2. Na fotografii vidíme uměle vyb... v Londýně 1
3. Literární Cenu Karla Čapka za... Jaroslav Rudiš 0
4. Britský supermarket Morrisons... D 1
5. Minulý týden se konalo mistrov... Tallinn 1
6. V cestovatelském seriálu nás č... Růžová hora 1
7. Jedním z nejnavštěvovanějších... ZOO 1
8. Jak se nazývá pískovcová skaln... Prachovské skály 1
9. Které z těchto oblíbených zimn... D 1
10. Ve kterém městě se vám naskytn... ve Špindlerově Mlýně 1